| 000 | 01564nam a2200265 c 4500 | ||
|---|---|---|---|
| 003 | DO-SdBNP | ||
| 005 | 20230502100259.0 | ||
| 006 | a||||gr|||| 00| 0 | ||
| 007 | ta | ||
| 008 | 230425t1959 xu a|||er|||| 001 j eng d | ||
| 040 |
_aDO-SdBNP _bspa _cBNPHU _erda |
||
| 041 | 0 | 7 | _heng |
| 082 | 4 |
_222 _bG168t |
|
| 100 | 1 |
_941158 _aGallico, Paul, _d1897-1976 |
|
| 245 | 1 | 0 |
_aToo many ghosts. / _cPaul Gallico; frontispicio, Ezra Jack Keats |
| 264 | 3 | 2 |
_aGarden City, N. Y. : _bDoubleday & company, Inc., _c1959 |
| 300 |
_a288 páginas : _bilustración ; _c21 cm |
||
| 336 |
_2rdaconten _atexto _btxt |
||
| 337 |
_2rdamedia _asin medición _bn |
||
| 338 |
_2rdacarrier _avolumen _bnc |
||
| 505 |
_aInfestation _tThe Ghost tht came to dinner.-- Mr. Hero has a visitor.-- Meg.-- Exercise in exorcim.-- Who would hate Susan Marshall?.-- Mr. Hero is baited.-- Ware! women!.-- The avid widow.-- The honorable Isobel.-- What it´s like to be noreen.--Return engagement.-- Enter the good fairy.-- Can Ghosts be trapped?.-- Never hunt a ghost with a gun.-- Alexander Hero regrets...-- _tThe anti - un of paradine hall.-- Parewell to a poltergeist.-- Mr. Jellicot Weeps.-- Mr. Taylos Parts. the curtains.-- "My dear, it´s a family matter".-- Assist be Johann Sebastian Bach.-- Coffe for sixteen pistol for one.-- Courtesy of Dr. John Henry Pepper.-- "Good - by, my Bonnie dear".-- There Who departed.-- The stuff of ghosts.-- "Never again to speak except to ´ray". |
||
| 590 | _aInventariado 2023 / MF | ||
| 700 | 1 |
_aJack Keats, Ezra, _efrontispicio _983299 |
|
| 942 |
_2ddc _cLBS1 |
||
| 999 |
_c53350 _d53350 |
||